[Event "Top Loire 2016-2017"]
[Site "Loire"]
[Date "2016.10.15"]
[Round "1.1"]
[White "Andre, Gregory"]
[Black "Frey, Thierry"]
[Result "0-1"]
[WhiteElo "1751"]
[BlackElo "1885"]
[EventDate "2016.??.??"]
[PlyCount "80"]

1. Nf3 d5 2. c4 e6 3. b3 d4 4. d3 c5 5. e3 Nc6 6. Ba3 Be7 7. Be2 dxe3 8. 
fxe3 Bf6 9. Nbd2 Qa5 10. Bxc5 Bxa1 11. Qxa1 Nf6 12. Bd6 Bd7 13. O-O O-O-O 
14. a3 Ng4 15. b4 Qh5 16. Ne1 e5 17. h3 Qg5 18. Rf3 Nxe3 19. Ne4 Qh6 20. 
Bc5 Nf5 21. g4 Nfd4 22. Nd6+ Kb8 23. Bxd4 Nxd4 24. Nxf7 Nxf3+ 25. Bxf3 
Qe3+ 26. Kh1 Rhe8 27. Nxd8 Rxd8 28. b5 h5 29. Be4 Qxh3+ 30. Kg1 Qg3+ 31. 
Ng2 Bxg4 32. b6 a6 33. Qb2 h4 34. Qb4 Bf3 35. Bxf3 Qxf3 36. Nxh4 Qe3+ 37. 
Kg2 Qg5+ 38. Kh3 Rxd3+ 39. Kh2 Qg3+ 40. Kh1 Rd1+ 0-1

[Event "Top Loire 2016-2017"]
[Site "Loire"]
[Date "2016.10.15"]
[Round "1.2"]
[White "Deville, Olivier"]
[Black "Aumont-Mathieu, Georges"]
[Result "1/2-1/2"]
[WhiteElo "1867"]
[BlackElo "1738"]
[EventDate "2016.??.??"]
[PlyCount "50"]

1. c4 Nf6 2. Nf3 b6 3. g3 Bb7 4. Bg2 e6 5. O-O Be7 6. d4 d6 7. b3 Nbd7 8. 
Bb2 O-O 9. Nbd2 c5 10. Qc2 Rc8 11. Rac1 a6 12. Qb1 b5 13. e4 d5 14. e5 Ne8
15. cxd5 Bxd5 16. Ne4 h6 17. dxc5 Nxc5 18. Nd4 Qb6 19. b4 Nxe4 20. Rxc8 
Nd2 21. Qe1 Bxg2 22. Kxg2 Qb7+ 23. Rc6 Nxf1 24. Kxf1 Nc7 25. a3 Nd5 
1/2-1/2

[Event "Top Loire 2016-2017"]
[Site "Loire"]
[Date "2016.10.22"]
[Round "1.3"]
[White "Bourrat, Nicolas"]
[Black "Jophe, Jacky"]
[Result "1-0"]
[WhiteElo "1699"]
[BlackElo "1853"]
[EventDate "2016.??.??"]
[PlyCount "59"]

1. d4 e6 2. Nc3 d5 3. e4 Bb4 4. a3 Bxc3+ 5. bxc3 dxe4 6. f3 exf3 7. Nxf3 
Nf6 8. Bd3 c5 9. O-O Qb6 10. Bg5 Nbd7 11. Qe1 h6 12. Qh4 cxd4 13. cxd4 Qa5
14. Bd2 Qh5 15. Qg3 O-O 16. Rae1 Re8 17. Ne5 Nxe5 18. dxe5 Nd7 19. Rf4 g5 
20. h4 f6 21. exf6 Kf7 22. hxg5 hxg5 23. Rg4 Rg8 24. Rxe6 Nxf6 25. Rxf6+ 
Kxf6 26. Bc3+ Ke7 27. Re4+ Kf7 28. Bc4+ Kg6 29. Qd6+ Kf5 30. Be6+ 1-0

[Event "Top Loire 2016-2017"]
[Site "Loire"]
[Date "2016.10.15"]
[Round "1.4"]
[White "Furnon, Yannick"]
[Black "Doran, Niall"]
[Result "1-0"]
[WhiteElo "1845"]
[BlackElo "1698"]
[EventDate "2016.??.??"]
[PlyCount "123"]

1. d4 d5 2. c4 e6 3. Nc3 Nf6 4. cxd5 exd5 5. Bg5 Nbd7 6. e3 c6 7. Qc2 Be7 
8. Bd3 O-O 9. Nf3 Re8 10. O-O g6 11. Rab1 Nf8 12. b4 a6 13. a4 Ne6 14. Bh4
Ng7 15. b5 Bf5 16. bxc6 bxc6 17. Ne5 Qd6 18. Bg3 Qe6 19. Rb6 Rec8 20. Ne2 
Bxd3 21. Qxd3 Nd7 22. Rxa6 Nh5 23. Nxd7 Nxg3 24. hxg3 Qxd7 25. Ra1 Qb7 26.
 Rxa8 Rxa8 27. Qc2 Ra6 28. Nf4 Qb6 29. Nd3 Ra5 30. Ne5 c5 31. Nd7 Qc6 32. 
Nxc5 Bxc5 33. dxc5 Rxc5 34. Qd1 Ra5 35. Qd4 Qc4 36. Qe5 Qc2 37. Qe7 Kg7 
38. Qb4 Qc7 39. Qd4+ Kg8 40. Rb1 h5 41. Rb5 Qa7 42. Qxa7 Rxa7 43. a5 Rd7 
44. a6 Kg7 45. Ra5 Ra7 46. Kf1 Kf6 47. Ke2 Ke6 48. Kd3 Kd6 49. Kd4 Kc6 50.
 Ke5 Kb6 51. Ra3 Kc6 52. f4 Re7+ 53. Kf6 Ra7 54. f5 Kd6 55. fxg6 fxg6 56. 
Kxg6 Ke5 57. Ra4 Ke6 58. Kxh5 Kf5 59. g4+ Kf6 60. g5+ Kf5 61. g4+ Ke5 62. 
Kh6 1-0

[Event "Top Loire 2016-2017"]
[Site "Loire"]
[Date "2016.10.15"]
[Round "1.5"]
[White "Philip, Sylvain"]
[Black "Samuel, Christian"]
[Result "0-1"]
[WhiteElo "1698"]
[BlackElo "1834"]
[EventDate "2016.??.??"]
[PlyCount "80"]

1. e4 c5 2. Nf3 d6 3. d4 cxd4 4. Nxd4 Nf6 5. Nc3 Nc6 6. Be3 Ng4 7. Nxc6 
bxc6 8. Bc1 e5 9. Qf3 Be6 10. Bd3 Be7 11. O-O O-O 12. h3 Nf6 13. Ne2 d5 
14. Ng3 Qd7 15. Bg5 d4 16. Nf5 c5 17. b3 Rac8 18. Nxe7+ Qxe7 19. Qg3 c4 
20. bxc4 Bxc4 21. f4 Qe6 22. f5 Qd6 23. Rf3 h6 24. Bd2 Kh8 25. Qh4 Nh7 26.
 f6 gxf6 27. Qxh6 Rg8 28. Raf1 Rg6 29. Qh4 Rcg8 30. R1f2 Bxa2 31. c3 dxc3 
32. Bxc3 Be6 33. Bf1 Qc5 34. Kh2 Kg7 35. Bd2 Ng5 36. Bxg5 fxg5 37. Qg3 g4 
38. hxg4 Rh8+ 39. Kg1 Rgh6 40. Rxf7+ Bxf7 0-1

[Event "Top Loire 2016-2017"]
[Site "Loire"]
[Date "2016.10.15"]
[Round "1.6"]
[White "Garon, Pierre"]
[Black "Acikgoz, Tuncay"]
[Result "1-0"]
[WhiteElo "1829"]
[BlackElo "1661"]
[EventDate "2016.??.??"]
[PlyCount "105"]

1. d4 Nf6 2. Nf3 g6 3. Bg5 Bg7 4. Nbd2 d5 5. e3 c5 6. c3 O-O 7. Be2 Qb6 8.
 Qb3 Nbd7 9. O-O Qxb3 10. axb3 a6 11. dxc5 Nxc5 12. b4 Nce4 13. Nxe4 dxe4 
14. Nd4 e5 15. Nb3 Nd7 16. Be7 Re8 17. Bd6 Bf8 18. Bc7 Re6 19. Rfd1 Rc6 
20. Bd8 Re6 21. Rd2 Re8 22. Bc7 Nf6 23. Nc5 Bxc5 24. bxc5 Bg4 25. Bxg4 
Nxg4 26. Rad1 Nf6 27. Bd8 Kg7 28. Rd6 Ng8 29. Rd7 Kf8 30. b4 h6 31. Kf1 
Rb8 32. Bc7 Ra8 33. Bd6+ Kg7 34. Rxb7 a5 35. c6 a4 36. c7 a3 37. Rb8 a2 
38. Ra1 Kf6 39. Rxe8 Rxe8 40. Rxa2 Ke6 41. Bc5 Rc8 42. Bb6 Ne7 43. Rd2 Nd5
44. Ba5 Nxc7 45. c4 Na6 46. c5 Ke7 47. Rd5 f6 48. Ke2 Rb8 49. c6 Rc8 50. 
b5 Ke6 51. Rd2 Nb8 52. c7 Nd7 53. b6 1-0

[Event "Top Loire 2016-2017"]
[Site "Loire"]
[Date "2016.10.15"]
[Round "1.7"]
[White "Carteron, Olivier"]
[Black "Imperiali, Joris"]
[Result "0-1"]
[WhiteElo "1596"]
[BlackElo "1814"]
[EventDate "2016.??.??"]
[PlyCount "54"]

1. d4 Nf6 2. Nf3 c5 3. c3 e6 4. Bg5 cxd4 5. cxd4 Qa5+ 6. Bd2 Qb6 7. Nc3 d5
8. Rb1 Nc6 9. e3 Bd6 10. Be2 O-O 11. O-O e5 12. dxe5 Nxe5 13. Bc1 Bf5 14. 
Ra1 Rfd8 15. Nd4 Bg6 16. f4 Nc4 17. f5 Nxb2 18. Bxb2 Qxb2 19. Na4 Qa3 20. 
fxg6 Qxe3+ 21. Rf2 Ne4 22. gxf7+ Kh8 23. Qd3 Qxf2+ 24. Kh1 Qh4 25. Nf3 
Ng3+ 26. Kg1 Nxe2+ 27. Qxe2 Qxa4 0-1

[Event "Top Loire 2016-2017"]
[Site "Loire"]
[Date "2016.10.15"]
[Round "1.8"]
[White "Cursoux, Gerard"]
[Black "Minchilli, Franco"]
[Result "1-0"]
[WhiteElo "1808"]
[BlackElo "1588"]
[EventDate "2016.??.??"]
[PlyCount "129"]

1. e4 c5 2. d4 cxd4 3. c3 e5 4. cxd4 Nc6 5. d5 Nd4 6. Nf3 Bb4+ 7. Nc3 Qf6 
8. Be2 Ne7 9. a3 Ba5 10. O-O O-O 11. Kh1 Nxf3 12. Bxf3 d6 13. Be3 Ng6 14. 
Qd2 Bd8 15. Be2 Nf4 16. Bd1 Kh8 17. g3 Ng6 18. Be2 Qe7 19. f4 exf4 20. 
gxf4 f5 21. e5 dxe5 22. fxe5 Qxe5 23. Bd4 Qd6 24. Bf3 Nh4 25. Nb5 Qd7 26. 
Bc5 Nxf3 27. Rxf3 Re8 28. Nd6 b6 29. Rxf5 Bf6 30. Rxf6 bxc5 31. Nxe8 gxf6 
32. Nxf6 Qh3 33. Qc3 Qxc3 34. bxc3 c4 35. Re1 Bf5 36. Re5 Bg6 37. h4 Kg7 
38. Nd7 Rd8 39. Re7+ Kh6 40. Nf6 a5 41. Rc7 Bd3 42. Kg2 Rf8 43. Ng4+ Kh5 
44. Nf2 Rg8+ 45. Kf3 Rf8+ 46. Ke3 Re8+ 47. Kd4 Be2 48. Rxh7+ Kg6 49. Ra7 
Rf8 50. Ne4 Rf4 51. h5+ Bxh5 52. d6 Bf3 53. Re7 Rf8 54. Kxc4 Rc8+ 55. Kd4 
Rd8 56. Re6+ Kg7 57. c4 Bg4 58. Re7+ Kf8 59. c5 Bf3 60. Nf6 Bc6 61. Rh7 
Be8 62. Ke5 a4 63. Ke6 Rxd6+ 64. cxd6 Bd7+ 65. Nxd7+ 1-0

[Event "Top Loire 2016-2017"]
[Site "Loire"]
[Date "2016.10.15"]
[Round "1.9"]
[White "Bragado, Kevin"]
[Black "Carrot, Patrick"]
[Result "1/2-1/2"]
[WhiteElo "1396"]
[BlackElo "1798"]
[EventDate "2016.??.??"]
[PlyCount "122"]

1. d4 Nf6 2. c4 g6 3. Nc3 d5 4. Bf4 c6 5. e3 Bg7 6. cxd5 cxd5 7. Bxb8 Rxb8
8. Qa4+ Bd7 9. Qxa7 O-O 10. Nf3 e6 11. Qa3 b5 12. b4 Qb6 13. Bd3 Rfc8 14. 
O-O Bf8 15. Qb2 Rc7 16. Rfc1 Be8 17. Ne2 Rcb7 18. Nd2 Qd6 19. a3 Nd7 20. 
Nb3 Nb6 21. Nc5 Ra7 22. Nc3 Nc4 23. Bxc4 dxc4 24. N3e4 Qd8 25. Rd1 Bg7 26.
 Nc3 Bc6 27. Ra2 Bf8 28. Qd2 Rba8 29. Qc1 Be7 30. h3 Bf8 31. Rdd2 Qg5 32. 
N3e4 Qd8 33. Qc3 Bg7 34. f4 Bf8 35. Ng5 Qe7 36. Nf3 f6 37. Re2 Kf7 38. e4 
h6 39. d5 Bd7 40. dxe6+ Bxe6 41. Nd4 Bd7 42. e5 fxe5 43. fxe5 Kg8 44. e6 
Be8 45. Qf3 Rd8 46. Nc6 Rd1+ 47. Kh2 Qc7+ 48. Ne5 Bxc5 49. bxc5 Qxc5 50. 
Rf2 Qd6 51. g3 Rd5 52. Ng4 Rd3 53. Qf4 Qxf4 54. Rxf4 Kg7 55. a4 c3 56. a5 
Ra6 57. e7 h5 58. Nf2 Re3 59. Rc2 Rxe7 60. Rxc3 Rxa5 61. Rb4 Re2 1/2-1/2

[Event "Top Loire 2016-2017"]
[Site "Loire"]
[Date "2016.11.09"]
[Round "2.2"]
[White "Imperiali, Joris"]
[Black "Furnon, Yannick"]
[Result "1-0"]
[WhiteElo "1814"]
[BlackElo "1845"]
[EventDate "2016.??.??"]
[PlyCount "39"]

1. e4 c6 2. Nf3 d5 3. Nc3 dxe4 4. Nxe4 Nd7 5. Bc4 Ngf6 6. Neg5 e6 7. Qe2 
Nb6 8. Ne5 Nxc4 9. Qxc4 Nd7 10. Nexf7 Qe7 11. d4 Rg8 12. Bf4 Nb6 13. Qd3 
Qb4+ 14. c3 Qxb2 15. Rb1 Qxa2 16. Qxh7 Nd5 17. O-O Nxf4 18. Qxg8 Qa3 19. 
Rb4 Nd5 20. Nh7 1-0

[Event "Top Loire 2016-2017"]
[Site "Loire"]
[Date "2016.11.17"]
[Round "2.3"]
[White "Samuel, Christian"]
[Black "Cursoux, Gerard"]
[Result "1/2-1/2"]
[WhiteElo "1834"]
[BlackElo "1808"]
[EventDate "2016.??.??"]
[PlyCount "44"]

1. d4 d5 2. Nf3 Nf6 3. c4 dxc4 4. Nc3 a6 5. a4 e6 6. e3 c5 7. Bxc4 cxd4 8.
 exd4 Qc7 9. Qe2 Be7 10. O-O O-O 11. Re1 Bd6 12. Bg5 Nbd7 13. Rac1 Re8 14.
 Ne4 Qb8 15. Nxd6 Qxd6 16. Rcd1 b6 17. Ne5 Bb7 18. Bf4 Nd5 19. Qg4 N7f6 
20. Qh4 Nxf4 21. Qxf4 Re7 22. Qh4 Rc8 1/2-1/2

[Event "Top Loire 2016-2017"]
[Site "Loire"]
[Date "2016.11.12"]
[Round "2.4"]
[White "Carrot, Patrick"]
[Black "Bourrat, Nicolas"]
[Result "1-0"]
[WhiteElo "1746"]
[BlackElo "1699"]
[EventDate "2016.??.??"]
[PlyCount "81"]

1. e4 e6 2. d4 d5 3. Nc3 Bb4 4. e5 c5 5. f4 Ne7 6. Nf3 Nbc6 7. a3 cxd4 8. 
axb4 dxc3 9. bxc3 Qb6 10. b5 Na5 11. Qd4 Bd7 12. Qxb6 axb6 13. Be3 Rc8 14.
 Bxb6 Nc4 15. Bd4 Bxb5 16. Rb1 Ba6 17. Nd2 Nxd2 18. Kxd2 O-O 19. Bxa6 bxa6
20. Rb6 Rc6 21. Ra1 Rxb6 22. Bxb6 Ra8 23. Kd3 Nc6 24. c4 dxc4+ 25. Kxc4 
Rc8 26. Kb3 a5 27. c4 Rb8 28. c5 Kf8 29. Kc4 Ke7 30. Rd1 Rb7 31. Rd6 Nb8 
32. Kb5 Rd7 33. Bxa5 Rxd6 34. exd6+ Kd7 35. Bc7 Nc6 36. Kc4 Na7 37. Ba5 
Kc6 38. Bc3 g6 39. Ba5 Nb5 40. d7 Nd6+ 41. cxd6 1-0

[Event "Top Loire 2016-2017"]
[Site "Loire"]
[Date "2016.11.12"]
[Round "2.5"]
[White "Aumont-Mathieu, Georges"]
[Black "Bragado, Kevin"]
[Result "1/2-1/2"]
[WhiteElo "1732"]
[BlackElo "1463"]
[EventDate "2016.??.??"]
[PlyCount "71"]

1. e4 c5 2. c3 Nf6 3. e5 Nd5 4. d4 cxd4 5. Nf3 e6 6. Qxd4 Nc6 7. Qe4 f5 8.
 Qa4 Be7 9. Bd3 O-O 10. O-O g5 11. h3 h5 12. g4 hxg4 13. hxg4 Rf7 14. Kg2 
Nf4+ 15. Bxf4 gxf4 16. Qxf4 Rg7 17. Nh2 Bg5 18. Qg3 f4 19. Qf3 Nxe5 20. 
Qe2 Nxd3 21. Qxd3 b6 22. f3 Bb7 23. Nd2 Bh4 24. Ne4 d5 25. Nf2 Bg3 26. Rh1
Bxf2 27. Kxf2 Qh4+ 28. Ke2 a5 29. Qd4 e5 30. Qxb6 Ba6+ 31. Kd2 Rb7 32. 
Qe6+ Kf8 33. Qf5+ Ke8 34. Qxe5+ Re7 35. Qh5+ Qxh5 36. gxh5 1/2-1/2

[Event "Top Loire 2016-2017"]
[Site "Loire"]
[Date "2016.11.12"]
[Round "2.7"]
[White "Acikgoz, Tuncay"]
[Black "Andre, Gregory"]
[Result "0-1"]
[WhiteElo "1661"]
[BlackElo "1751"]
[EventDate "2016.??.??"]
[PlyCount "86"]

1. d4 Nf6 2. Nc3 d5 3. e4 e6 4. Bg5 Be7 5. Bxf6 Bxf6 6. e5 Be7 7. f4 a6 8.
 Nf3 c5 9. Be2 Nc6 10. O-O cxd4 11. Nb1 Qb6 12. Kh1 Qxb2 13. Nbd2 Nb4 14. 
Bd3 Bd7 15. Nb3 Nxa2 16. Nfxd4 Nc3 17. Qg4 g6 18. Qf3 O-O 19. g4 Nb5 20. 
Ne2 Na3 21. g5 Ba4 22. Nbd4 Bc5 23. c3 Qb6 24. Qh3 Rfe8 25. Qh6 Bf8 26. 
Qh4 Bb5 27. Nxb5 axb5 28. Rf3 Nc4 29. Rg1 Ne3 30. Rh3 Bg7 31. Nd4 Nf5 32. 
Nxf5 exf5 33. Qxh7+ Kf8 34. Qh4 d4 35. Qf2 Qc6+ 36. Qf3 dxc3 37. Qxc6 bxc6
38. Rc1 b4 39. Bc4 Rad8 40. Re3 Rd4 41. Bf1 Rxf4 42. Bg2 Rc8 43. e6 Re8 
0-1

[Event "Top Loire 2016-2017"]
[Site "Loire"]
[Date "2016.11.12"]
[Round "2.8"]
[White "Doran, Niall"]
[Black "Carteron, Olivier"]
[Result "1-0"]
[WhiteElo "1700"]
[BlackElo "1596"]
[EventDate "2016.??.??"]
[PlyCount "53"]

1. e4 e6 2. d4 d5 3. e5 c5 4. c3 Qb6 5. Nf3 Nc6 6. Bd3 cxd4 7. cxd4 Bd7 8.
 O-O Nxd4 9. Nbd2 Nxf3+ 10. Nxf3 Ne7 11. Be3 Qd8 12. Ng5 Nc6 13. f4 g6 14.
 a3 b6 15. Rc1 Bh6 16. Nf3 O-O 17. h4 f6 18. exf6 e5 19. Bb5 Nd4 20. Bxd7 
Nxf3+ 21. Qxf3 Qxd7 22. fxe5 Bxe3+ 23. Qxe3 Qe6 24. Rc7 Rae8 25. Rg7+ Kh8 
26. Qh6 Rf7 27. Qxh7# 1-0

[Event "Top Loire 2016-2017"]
[Site "Loire"]
[Date "2016.11.12"]
[Round "2.9"]
[White "Minchilli, Franco"]
[Black "Philip, Sylvain"]
[Result "1-0"]
[WhiteElo "1588"]
[BlackElo "1698"]
[EventDate "2016.??.??"]
[PlyCount "77"]

1. e4 c5 2. Nf3 d6 3. g3 g6 4. Bg2 Bg7 5. c3 Nf6 6. O-O O-O 7. Re1 Nc6 8. 
d4 Nd7 9. Bg5 h6 10. Be3 b6 11. Nh4 Bb7 12. a3 e5 13. d5 Ne7 14. c4 Nf6 
15. Nc3 Bc8 16. Qc1 g5 17. Nf3 Ng4 18. Bd2 f5 19. exf5 Bxf5 20. Ne4 Bxe4 
21. Rxe4 Nf6 22. Re2 Qd7 23. Qc2 Qg4 24. Bc3 Qxc4 25. b3 Qg4 26. Rd1 Rae8 
27. h4 gxh4 28. Nxh4 Nh5 29. Be1 Bf6 30. Bf3 Qg5 31. Bd2 Nf4 32. Kh2 Kh8 
33. Re4 Qg7 34. Bxf4 Bxh4 35. Bxh6 Bxg3+ 36. fxg3 Qh7 37. Kg2 Rxf3 38. Rh1
Rxg3+ 39. Kf2 1-0

[Event "Top Loire 2016-2017"]
[Site "Loire"]
[Date "2016.12.17"]
[Round "3.1"]
[White "Imperiali, Joris"]
[Black "Garon, Pierre"]
[Result "1-0"]
[WhiteElo "1814"]
[BlackElo "1820"]
[EventDate "2016.??.??"]
[PlyCount "59"]

1. e4 e6 2. Nf3 d5 3. Nc3 dxe4 4. Nxe4 Bd7 5. d4 Bc6 6. Bd3 Nf6 7. Qe2 
Nxe4 8. Bxe4 Bxe4 9. Qxe4 c6 10. O-O Be7 11. c4 O-O 12. Bd2 Nd7 13. b4 Nf6
14. Qe2 Qb6 15. a4 Rfe8 16. a5 Qc7 17. Rfc1 h6 18. Ra3 Bd6 19. Ne5 Red8 
20. Rg3 Kf8 21. Bf4 Rac8 22. c5 Bxe5 23. Bxe5 Qd7 24. Rxg7 Kxg7 25. Rc3 
Qd5 26. Rf3 Kf8 27. Rxf6 Rd7 28. Rxh6 f6 29. Rxf6+ Rf7 30. Qh5 1-0

[Event "Top Loire 2016-2017"]
[Site "Loire"]
[Date "2016.12.17"]
[Round "3.2"]
[White "Cursoux, Gerard"]
[Black "Deville, Olivier"]
[Result "1/2-1/2"]
[WhiteElo "1808"]
[BlackElo "1864"]
[EventDate "2016.??.??"]
[PlyCount "77"]

1. e4 c5 2. Nf3 d6 3. d4 Nf6 4. Nc3 cxd4 5. Nxd4 Nc6 6. Be2 e5 7. Nb3 Be7 
8. O-O O-O 9. f4 a5 10. a4 Nb4 11. Bf3 Be6 12. Be3 Rc8 13. Rf2 exf4 14. 
Bxf4 Qb6 15. Qd4 Qa6 16. Be3 Nd7 17. Qd2 Ne5 18. Be2 Bc4 19. Nd4 Bxe2 20. 
Qxe2 Qxe2 21. Rxe2 Nc4 22. Nd5 Nxd5 23. exd5 Nxe3 24. Rxe3 Bf6 25. c3 Rc5 
26. Nf5 Rxd5 27. Ne7+ Bxe7 28. Rxe7 b5 29. axb5 Rxb5 30. Ra7 Rxb2 31. 
R1xa5 g6 32. Rd7 Re8 33. h3 h6 34. Raa7 Re1+ 35. Kh2 Ree2 36. Rxf7 Rxg2+ 
37. Kh1 Rgf2 38. Rg7+ Kf8 39. Rxg6 1/2-1/2

[Event "Top Loire 2016-2017"]
[Site "Loire"]
[Date "2016.12.17"]
[Round "3.3"]
[White "Carrot, Patrick"]
[Black "Samuel, Christian"]
[Result "0-1"]
[WhiteElo "1746"]
[BlackElo "1823"]
[EventDate "2016.??.??"]
[PlyCount "60"]

1. e4 c5 2. Nf3 d6 3. d4 cxd4 4. Nxd4 Nc6 5. Nc3 Nf6 6. Be2 e5 7. Nb3 Be7 
8. O-O O-O 9. Be3 Be6 10. f4 a6 11. f5 Bd7 12. a4 Rc8 13. Qe1 Nb4 14. Rc1 
d5 15. Qg3 d4 16. Bh6 Ne8 17. Nd5 Nxd5 18. exd5 Kh8 19. Bd2 Bd6 20. Na5 
Qc7 21. Nc4 Bxa4 22. Ba5 Qe7 23. Nb6 Rxc2 24. Rxc2 Bxc2 25. Nc8 Qf6 26. 
Nxd6 Nxd6 27. Bc7 Rc8 28. Bxd6 Qxd6 29. Rc1 Bxf5 30. Rxc8+ Bxc8 0-1

[Event "Top Loire 2016-2017"]
[Site "Loire"]
[Date "2016.12.17"]
[Round "3.4"]
[White "Frey, Thierry"]
[Black "Doran, Niall"]
[Result "1-0"]
[WhiteElo "1885"]
[BlackElo "1705"]
[EventDate "2016.??.??"]
[PlyCount "59"]

1. e4 c5 2. Nf3 Nc6 3. Bb5 g6 4. O-O Bg7 5. Bxc6 dxc6 6. d3 Bg4 7. h3 Bxf3
8. Qxf3 e5 9. Be3 b6 10. a4 a5 11. Nd2 Nf6 12. Bg5 Qe7 13. Nc4 Rb8 14. c3 
Qe6 15. Nxe5 Nxe4 16. Nxf7 O-O 17. Qxe4 Qxf7 18. Qc4 Qxc4 19. dxc4 Bf6 20.
 Be3 Rfd8 21. Rad1 Kf7 22. Bf4 Rxd1 23. Rxd1 Rd8 24. Rxd8 Bxd8 25. Kf1 Ke6
26. g4 b5 27. cxb5 cxb5 28. axb5 a4 29. c4 Bf6 30. b6 1-0

[Event "Top Loire 2016-2017"]
[Site "Loire"]
[Date "2016.12.17"]
[Round "3.5"]
[White "Furnon, Yannick"]
[Black "Minchilli, Franco"]
[Result "1-0"]
[WhiteElo "1845"]
[BlackElo "1588"]
[EventDate "2016.??.??"]
[PlyCount "121"]

1. d4 Nf6 2. c4 e6 3. Nc3 d5 4. cxd5 exd5 5. Bg5 Nbd7 6. e3 Be7 7. Nf3 O-O
8. Qc2 c5 9. Bd3 c4 10. Bf5 g6 11. Bh3 Re8 12. O-O Nb6 13. Bxc8 Rxc8 14. 
a4 a6 15. h3 Qd6 16. Rfe1 Bf8 17. Ne5 Ne4 18. Bf4 Qe6 19. a5 Nd7 20. Nxe4 
dxe4 21. Nxd7 Qxd7 22. Ra4 Qb5 23. Rc1 Bb4 24. Be5 Bd2 25. Rca1 c3 26. 
R1a2 Qd3 27. bxc3 Be1 28. c4 Rc6 29. c5 f6 30. Bg3 g5 31. R4a3 Qxc2 32. 
Rxc2 h5 33. Kf1 Bb4 34. Ra4 h4 35. Bh2 Bxa5 36. Rxa5 Ra8 37. Rb2 b5 38. 
Rbxb5 Kf7 39. Rb6 Re6 40. Bd6 f5 41. Raxa6 Rxa6 42. Rxa6 f4 43. Ra7+ Kg6 
44. exf4 e3 45. Be5 gxf4 46. fxe3 fxe3 47. Ke2 Re8 48. Kxe3 Kf5 49. c6 Rg8
50. Kf2 Ke6 51. c7 Kd7 52. Rb7 Rf8+ 53. Ke2 Rg8 54. Kf3 Rf8+ 55. Kg4 Rg8+ 
56. Kxh4 Rxg2 57. Rb8 Rc2 58. c8=Q+ Rxc8 59. Rxc8 Kxc8 60. Kg5 Kd7 61. Kg6
1-0

[Event "Top Loire 2016-2017"]
[Site "Loire"]
[Date "2016.12.17"]
[Round "3.6"]
[White "Andre, Gregory"]
[Black "Bragado, Kevin"]
[Result "1-0"]
[WhiteElo "1751"]
[BlackElo "1463"]
[EventDate "2016.??.??"]
[PlyCount "85"]

1. Nf3 Nf6 2. c4 g6 3. g3 b6 4. Nc3 Bb7 5. Bg2 Bg7 6. O-O O-O 7. d4 Ne4 8.
 Qc2 Nxc3 9. bxc3 Na6 10. Ba3 c5 11. Rab1 Rc8 12. e3 f5 13. Qb3 d6 14. Ng5
Bxg2 15. Kxg2 Qd7 16. d5 Nc7 17. Rbe1 Bh6 18. Nh3 e5 19. e4 f4 20. f3 fxg3
21. hxg3 Rf6 22. g4 Rcf8 23. Qd1 Bf4 24. Nxf4 Rxf4 25. Bc1 R4f7 26. Bh6 
Rb8 27. f4 exf4 28. Rxf4 Rxf4 29. Bxf4 b5 30. Bh6 bxc4 31. Rf1 Qe7 32. Qf3
Na8 33. Qf4 Nb6 34. Bg5 Qd7 35. Bh6 Qe7 36. Bg5 Qd7 37. Kh3 Na4 38. Bh6 
Qe7 39. Bg5 Qd7 40. e5 dxe5 41. Qxe5 Re8 42. Bh6 Nb6 43. Qf6 1-0

[Event "Top Loire 2016-2017"]
[Site "Loire"]
[Date "2016.12.17"]
[Round "3.7"]
[White "Bourrat, Nicolas"]
[Black "Aumont-Mathieu, Georges"]
[Result "1/2-1/2"]
[WhiteElo "1699"]
[BlackElo "1738"]
[EventDate "2016.??.??"]
[PlyCount "50"]

1. d4 Nf6 2. Nc3 d5 3. e4 dxe4 4. f3 exf3 5. Nxf3 Bg4 6. h3 Bh5 7. g4 Bg6 
8. Ne5 e6 9. Nxg6 hxg6 10. Qf3 Nd5 11. Bd3 Qh4+ 12. Kd1 c6 13. Rf1 f5 14. 
Nxd5 cxd5 15. Re1 Qxh3 16. Rxe6+ Kf7 17. Qxh3 Rxh3 18. gxf5 Nc6 19. Re1 
Bb4 20. fxg6+ Kg8 21. Bd2 Bxd2 22. Kxd2 Nxd4 23. Kc3 Nf3 24. Re7 Rc8+ 25. 
Kb3 Nd2+ 1/2-1/2

[Event "Top Loire 2016-2017"]
[Site "Loire"]
[Date "2016.12.17"]
[Round "3.8"]
[White "Philip, Sylvain"]
[Black "Acikgoz, Tuncay"]
[Result "0-1"]
[WhiteElo "1698"]
[BlackElo "1668"]
[EventDate "2016.??.??"]
[PlyCount "92"]

1. e4 d5 2. exd5 Qxd5 3. Nc3 Qd6 4. d4 Nf6 5. Be2 c6 6. Bf3 Bf5 7. Nge2 e6
8. O-O Na6 9. Bf4 Qd7 10. Ng3 O-O-O 11. Nxf5 exf5 12. Qe2 Bd6 13. Bxd6 
Qxd6 14. Rfd1 g5 15. Qc4 g4 16. Be2 Nd5 17. Nxd5 Qxd5 18. Qxd5 Rxd5 19. 
Bxa6 bxa6 20. c3 Rhd8 21. Re1 c5 22. Re7 R8d7 23. Rxd7 Kxd7 24. dxc5 Rd2 
25. b4 Rc2 26. g3 Rxc3 27. Rd1+ Ke7 28. Rd2 a5 29. Rd6 axb4 30. Ra6 Ra3 
31. Rxa3 bxa3 32. Kf1 Ke6 33. Ke2 Kd5 34. Kd3 Kxc5 35. Kc3 h5 36. Kd3 Kd5 
37. Ke3 Kc4 38. Kd2 Kd4 39. Kc2 Ke4 40. Kd2 Kf3 41. Ke1 a5 42. Kf1 f4 43. 
gxf4 Kxf4 44. Ke2 h4 45. Kf1 Kf3 46. h3 f5 0-1